|
|
|
|
| LEADER |
00728nam a2200205Ia 4500 |
| 001 |
CTU_122474 |
| 008 |
210402s9999 xx 000 0 und d |
| 082 |
|
|
|a 633.18
|
| 082 |
|
|
|b I.61
|
| 110 |
|
|
|a International rice research institute
|
| 245 |
|
0 |
|a Rice IPM network :
|
| 245 |
|
0 |
|b workshop report message disign for a campaign to encourage farmer's participation in expermenting with stopping early insecticide spraying in Vietnam
|
| 245 |
|
0 |
|c International rice research institute
|
| 260 |
|
|
|a Manila
|
| 260 |
|
|
|b International rice research institute
|
| 260 |
|
|
|c 1994
|
| 650 |
|
|
|a Agriculture,Nông nghiệp
|
| 650 |
|
|
|x Rice
|
| 904 |
|
|
|i Hiếu
|
| 980 |
|
|
|a Trung tâm Học liệu Trường Đại học Cần Thơ
|